Statistics for Sweden Trivia

Click here to take the quiz!

General Stats

  • This quiz has been taken 91 times
  • The average score is 5 of 15

Answer Stats

HintAnswer% Correct
Whats it capital called?Stockholm
94%
Who is the legendary Swedish striker called who plays for LA Galaxy in the USA?Zlatan Ibrahimovic
67%
True or False Sweden is in the EU (European Union)True
65%
What is their Currency?Krona
60%
How many Nobel Prizes have Sweden got for lituature?7
48%
What countries do Sweden border?Norway and Finland
48%
Whats the biggest sport in Sweden?Football
46%
Whats Swedens Official name?The Kingdom of Sweden
42%
What is Swedens parliment called?Riksdag
35%
What is the most popular girl name in Sweden?Alice
11%
Whats the most popular boy name in Sweden?William
9%
How many languages do Swedish people speak?24
2%
What lakes are Sweden surrounded by?Lake Maralan and the Baltic sea
0%
Sweden has the highest number of what per capita in euope?Mcdonalds restaurants
0%
What is Sweden known as?The land of the Vikings
0%

Score Distribution

Percentile by Number Answered

Percent of People with Each Score

Your Score History

You have not taken this quiz